Adivina la pelicula por frame - parte 1 - Estadísticas

Estadísticas generales
  • Esta prueba ha sido intentada 88 veces
  • La puntuación promedio es 5 de 20
Estadísticas de respuestas
Imagen Respuesta % Correcto
Harry Potter y el prisionero de Azkaban
65%
La la land
63%
El padrino
60%
La sustancia
54%
Crepúsculo: Luna nueva
40%
La liga de la justicia
38%
Vengadores: Endgame
35%
La pasión de Cristo
28%
El cienpies humano
27%
Señales
27%
Metrópolis
26%
Scarface
23%
Spiderman 3
23%
La fiera de mi niña
8%
American Fiction
6%
El increible hombre menguante
6%
Chitty Chitty Bang bang
5%
Camino a la gloria
4%
El ataque de los tomates asesinos
4%
Transmorphers
3%
No se encontraron pruebas coincidentes
Distribución de puntuación
Porcentaje de gente con cada puntuación
Porcentaje por número respondido
Historial de tus puntuaciones
No has intentado esta prueba.